|
|
|
|
| LEADER |
01198nab#a2200433#ar4500 |
| 001 |
000124620 |
| 003 |
SVKKK |
| 005 |
20181207132750.0 |
| 008 |
110118c2018 xo |||||||||||||||b|slo |
| FMT |
|
|
|
| 015 |
|
|
|a SNBRB2018/12
|
| 038 |
|
|
|a SVKKK
|
| 040 |
|
|
|a SVKKK
|b slo
|e AACR2
|
| 041 |
0 |
|
|a slo
|
| 044 |
|
|
|a xo
|c SK
|
| 080 |
|
|
|a 911.3:82
|x (437.6)
|2 2011
|
| 080 |
|
|
|a 93/99:82
|x (437.6)
|2 1997
|
| 080 |
|
|
|a 929
|2 2011
|
| 080 |
|
|
|a 379.85
|2 2011
|
| 100 |
1 |
|
|a Bábik, Ján
|4 aut
|
| 245 |
1 |
0 |
|a Literárne prechádzky po Malom Ríme
|n (3)
|c Ján Bábik ; Ján Lacika
|
| 300 |
|
|
|b Fotogr.
|
| 650 |
0 |
4 |
|a slovenské mestá
|
| 650 |
0 |
4 |
|a literárne pamiatky
|
| 650 |
0 |
4 |
|a literárne osobnosti
|
| 650 |
0 |
4 |
|a slovenskí spisovatelia
|
| 650 |
0 |
4 |
|a dejiny
|
| 651 |
|
4 |
|a Trnava (Slovensko)
|
| 655 |
# |
4 |
|a biografie
|
| 700 |
1 |
|
|a Lacika, Ján
|4 pht
|
| 773 |
0 |
|
|t Krásy Slovenska
|g Roč. 95, č. 9-10 (2018), s. 28-31
|x 0323-0643
|
| 958 |
|
|
|a BX
|
| 974 |
|
|
|a MI
|
| 992 |
|
|
|a RBX
|
| BAS |
|
|
|
| 852 |
|
|
|a SVKKK
|b BIB
|
| 856 |
4 |
1 |
|u http://www.krasy-slovenska.eu/articles/view/2194/Liter%C3%A1rne%20prech%C3%A1dzky%20po%20Malom%20R%C3%ADme%20(3.%20%C4%8Das%C5%A5)
|
| EXP |
|
|
|
| 998 |
|
|
|a SLO
|